Îles dans The Legend of Zelda : The Wind Waker - Statistiques

Statistiques générales
  • Ce quiz a été pris 66 fois
  • Le résultat moyen est 30 sur 49
Statistiques - réponses
Nom de l'île % Correct
Mercantile
97%
Ile de l'Aurore
94%
Ile du Dragon
88%
Tour des Dieux
85%
Forteresse Maudite
82%
Ile aux Forêts
74%
Ile de la Face Cinq
74%
Ile de la Face Deux
74%
Ile de la Face Quatre
74%
Ile de la Face Six
74%
Ile de la Face Trois
74%
Ile de la Face Une
71%
Ile du Poisson
71%
Ile du Vent
71%
Ile de la Bombe
68%
Ile de la Terre
68%
Ile de Tingle
62%
Ile du Croissant
62%
Ile Triangulaire de l'Est
62%
Ile Triangulaire du Nord
62%
Ile Triangulaire du Sud
62%
Montagne de Feu
62%
Ilot Oriental des Fées
59%
Ilot Septentrional des Fées
59%
Pas de Chat
59%
Ile du Fer à Cheval
56%
Ile Etoilée
56%
Ile Gelée
56%
Ile Géminée
56%
Cannonière
53%
Ile de la Rocaille
53%
Ile de Qui-ça
53%
Ile du Requin
53%
Ilot Meridional des Fées
53%
Ilot Occidental des Fées
53%
Tour de l'Envol
53%
Archipel de Cassiopée
50%
Archipel Ursa Major
50%
Ile du Losange
50%
Ilot Epineux des Fées
50%
Batodrome
47%
Ile aux Nichoirs
47%
Ile aux Trois Tours
47%
Ile de la Tête de Pierre
47%
Serrure de Pierre
47%
Saut de Roc
44%
Archipel d'Orion
41%
Ilots Kif-Kif
41%
Ile des Binocles
38%
Aucun quiz correspondant
Distribution des résultats
% des personnes avec chaque résultat
Percentile par nombre de réponses
Votre historique - résultats
Vous n’avez pas pris ce quiz